| 000 | 01016nam a2200265 a 4500 | ||
|---|---|---|---|
| 008 | 951212s1979||||CS 0 slo c | ||
| 020 |
_c65 Kčs. _q(15000 výtl.) |
||
| 040 |
_aSNK _bslo _cSNK _eAACR2 |
||
| 044 |
_axo _cSK |
||
| 080 | _a73/74.031.6(084.1) | ||
| 100 | 1 | _aTrojanová, Alina | |
| 245 | 1 | 0 |
_aUmenie čiernej Afriky _bDejiny. Kultúra. Náboženské predstavy _cAlina Trojanová ; Jozef Gazdík, Josef Kandert, Ján Pícha, Kveta Dašková, Pavol Blažo |
| 250 | _a2., vyd. | ||
| 260 |
_aBratislava _bTatran _c1979 _eBratislava _fPolygrafické závody |
||
| 300 |
_a183 s., 22,93 AH _c29 cm |
||
| 490 | 0 | _aUmenie sveta | |
| 500 | _aLit. 52. Fot. na front. Mp. na predsádkach. Zozn. čiernobielych a fareb. reprod. 52 zázn. lit. o knihách v jaz. čes., rus., nem., angl., franc. a poľ. | ||
| 700 | 1 |
_aGazdík, Jozef _4prk |
|
| 700 | 1 |
_aKandert, Josef _4[ADC] |
|
| 700 | 1 |
_aPícha, Ján _4gup |
|
| 700 | 1 |
_aDašková, Kveta _4gup |
|
| 700 | 1 |
_aBlažo, Pavol _4gup |
|
| 041 | _aslo | ||
| 958 | _aA | ||
| 999 |
_c14920 _d14920 |
||